|
|
|
|
| LEADER |
00000nam a2200000 a 4500 |
| 001 |
vtls001434097 |
| 003 |
SK-MaSNL |
| 005 |
20260301145818.0 |
| 008 |
240314sm y0 xo 0 und |
| 035 |
|
|
|a SNK000389171
|
| 040 |
|
|
|a SNK
|b slo
|c SNK
|e AACR2
|
| 044 |
|
|
|a xo
|c SK
|
| 100 |
1 |
|
|a Rochus, Jonas
|4 aut
|9 442125
|
| 245 |
1 |
0 |
|a Derivát arylalkanoylpyridazínu, spôsob jeho prípravy, jeho použitie a farmaceutický prostriedok, ktorý ho obsahuje. C07D 237/04
|
| 260 |
|
|
|a Banská Bystrica
|b Úrad priemyselného vlastníctva SR
|c 2002
|
| 300 |
|
|
|c 9 s.
|
| 999 |
|
|
|c 781438
|d 783368
|
| 952 |
|
|
|t P60, <04>, [BOOK], {604}
|a SNK
|b SNK
|y VYP
|7 0
|p 17A0343287
|o snkSK 282480
|i snkPS 51/2002
|0 0
|1 0
|4 0
|d 2002-05-15
|l 0
|r 2005-01-02 00:00:00
|w 2026-02-24
|